ბათუმის შოთა რუსთაველის სახელმწიფო უნივერსიტეტის ბიბლიოთეკა

საქართველო ევროპის არქივებსა და წიგნსაცავებში. წ. 1, XIII-XVI სს. / (ბიბ.ჩანაწერი № 56378)

000 -ლიდერი
ფიქსირებული სიგრძის საკონტროლო ველი 01897nam a2200277Ia 4500
001 - საკონტროლო ნომერი
საკონტროლო ველი 23491
003 - საკონტროლო ნომრის იდენტიფიკატორი
საკონტროლო ველი GE_BSU
005 - ბოლო ოპერაციის თარიღი და დრო
საკონტროლო ველი 20260203195721.0
008 - ფიქსირებული სიგრძის მონაცემთა ელემენტები - ზოგადი ინფორმაცია
ფიქსირებული სიგრძის საკონტროლო ველი 181216s1984||||ge |||||||||||||| ||geo||
040 ## - კატალოგიზაციის წყარო
Transcribing agency GE_BSU
041 ## - ენის კოდი
Language code of text/sound track or separate title geo
080 ## - უნივერსალური ათობითი კლასიფიკაციის ინდექსი
Universal Decimal Classification number 94(479.22)(093უცხ.)+930.2(4) ტ-13
100 ## - მთავარი ჩანაწერი - პიროვნების სახელი
Personal name ტაბაღუა, ილია
9 (RLIN) 26800
245 ## - ცნობა სათაურის შესახებ
Title საქართველო ევროპის არქივებსა და წიგნსაცავებში. წ. 1, XIII-XVI სს. /
Statement of responsibility, etc ილია ტაბაღუა ; რედ. გ. ბუაჩიძე ; საქ. სსრ მეცნ. აკად., ი. ჯავახიშვილის სახ. ისტ., არქეოლ. და ეთნოგრ. ინ-ტი.
264 ## - წარმოების, გამოცემის, დისტრიბუციის და სხვა ცნობები
გამოცემის, წარმოების, დისტრიბუციის... ადგილი თბილისი :
გამოცემის, წარმოების, დისტრიბუციის... სახელწოდება მეცნიერება,
გამოცემის, წარმოების, დისტრიბუციის... თარიღი 1984.
300 ## - ფიზიკური აღწერა
Extent 333 გვ. ;
Dimensions 21სმ.
500 ## - ზოგადი შენიშვნა
General note საძიებლები: გვ. 313-330
546 ## - LANGUAGE NOTE
Language note დოკუმენტები ლათ., იტალ., ფრანგ., ინგლ. და სხვ. ენ.
653 ## - INDEX TERM--UNCONTROLLED
Uncontrolled term საქართველო ევროპის არქივებსა და წიგნსაცავებში. წ. 1, XIII-XVI სს.
653 ## - INDEX TERM--UNCONTROLLED
Uncontrolled term საქართველოს ისტორია
653 ## - INDEX TERM--UNCONTROLLED
Uncontrolled term საქართველოს ისტორიის უცხოური წყაროები
700 ## - ADDED ENTRY--PERSONAL NAME
Personal name ბუაჩიძე, გ.
Relator term რედაქტორი
9 (RLIN) 16076
710 ## - ADDED ENTRY--CORPORATE NAME
Corporate name or jurisdiction name as entry element საქართველოს სსრ მეცნიერებათა აკადემია
Subordinate unit ი. ჯავახიშვილის სახ. ისტორიის, არქეოლოგიისა და ეთნოგრაფიის ინსტიტუტი
9 (RLIN) 26801
942 ## - ADDED ENTRY ELEMENTS (KOHA)
Koha item type წიგნი
Source of classification or shelving scheme
ეგზემპლარები
ჩამოწერის სტატუსი დაკარგული ეგზემპლარის სტატუსი კლასიფიკაციის წყარო ან თაროზე გაწყობის სქემა დაზიანების სტატუსი არ გაიცემა მუდმივი მდებარეობა (დაცვის ადგილი) ამჟამინდელი ადგილსამყოფელი თაროზე განთავსების ადგილი შეძენის თარიღი ღირებულება, შესყიდვის ნორმალური ფასი სრული შენახვის შიფრი შტრიხკოდი ბოლო ოპერაციის თარიღი ეგზემპლარის მიმდევრობითი ნომერი (კეტერი?) ფასის ძალაში შესვლის თარიღი ეგზემპლარის სახეობა საჯარო შენიშვნა
          ბათუმის შოთა რუსთაველის სახელმწიფო უნივერსიტეტის მთავარი ბიბლიოთეკა ბათუმის შოთა რუსთაველის სახელმწიფო უნივერსიტეტის მთავარი ბიბლიოთეკა წიგნსაცავი 2018-12-17 6.40 94(479.22)(093უცხ.)+930.2(4) ტ-13 28403 2018-12-17 28403 2018-12-17 წიგნი 6.40 ₾.